000 00803nam a2200217Ia 4500
003 OSt
005 20241109110618.0
008 210719s1990 xx 000 0 und d
040 _cAL
041 _aKannada
082 _a310.95487 KARD
100 _aKARNATAKA SARAKARA
_dಕರ್ನಾಟಕ ಸರ್ಕಾರ
_9182338
245 _aDakshina kannada jilleya anki amshagala nota 1989-90
_bದಕ್ಷಿಣ ಕನ್ನಡ ಜಿಲ್ಲೆಯ ಅಂಕಿ ಅಂಶಗಳ ನೋಟ 1989-90
260 _aMangaluru.
_bDakshina Kannada Jilla Parishat.,
_c1990
300 _a79
_bPB
365 _cRs
650 _aMathematical Statistics
_9182339
650 _aSouth Kanara /South Canara
_9182932
906 _a1989-90 ; amshagala ; anki ; Dakshina ; jilleya ; kannada ; nota
942 _2ddc
_cBK
999 _c212146
_d212146